Complétez les paroles de Céline Dion - Statistiques

Statistiques générales
  • Ce quiz a été pris 1 727 fois
    1 016 depuis la dernière actualisation
  • Le résultat moyen est 5 sur 12
Statistiques - réponses
Paroles Suite % Correct
Parler à mon père Je voudrais décrocher la lune, je voudrais même sauver la Terre, mais avant tout je {voudrais} {parler} {à} {mon} {père}
83%
Pour que tu m’aimes encore Je m'inventerai reine pour que tu me retiennes, je me ferai nouvelle pour {que} {le} {feu} {reprenne}
71%
J'irai où tu iras Chez moi les loups sont à nos portes et tous {les} {enfants} {les} {comprennent}
68%
Sous le vent Fais comme si je quittais la terre, j'ai trouvé mon étoile, je {l}'{ai} {suivie} {un} {instant}
61%
Encore un soir Mais quand on vit trop beau, trop fort, on en oublie le temps qui passe, comme on perd un peu le nord {au} {milieu} {de} {trop} {vastes} {espaces}
50%
S’il suffisait d’aimer Moi j'offrirais mon âme, mon cœur et tout mon temps mais j'ai beau tout donner {tout} {n}'{est} {pas} {suffisant}
46%
On ne change pas On ne change pas, on met juste les costumes {d}'{autres} {sur} {soi}
43%
Je sais pas Détourner des rivières, porter des poids, traverser des mers {je} {saurais} {faire}
33%
D'amour ou d'amitié Je ne sais pas ou je suis quelque part dans sa vie, si je compte aujourd'hui {plus} {qu}'{une} {autre} {pour} {lui}
30%
Prière païenne C'est ma supplique terrienne, j'y mets tout ce que j'espère et {tout} {ce} {que} {je} {crois}
27%
Destin Y'a pas de voiles aux volets de mes frères, y'a pas d'opale autour de mes doigts, ni cathédrale {où} {cacher} {mes} {prières}
21%
Ne partez pas sans moi La plus belle aventure, le plus beau voyage qui mène un jour sur des soleils, {sur} {des} {planètes} {d}'{amour}
8%
Aucun quiz correspondant
Distribution des résultats
% des personnes avec chaque résultat
Percentile par nombre de réponses
Votre historique - résultats
Vous n’avez pas pris ce quiz depuis la dernière actualisation